Lo antiexpresivo como constante de la narrativa borgeana /
Uloženo v:
| Hlavní autor: | |
|---|---|
| Médium: | Neznámo |
| Jazyk: | Spanish |
| Témata: | |
| Tagy: |
Přidat tag
Žádné tagy, Buďte první, kdo vytvoří štítek k tomuto záznamu!
|
MARC
| LEADER | 000000000a22000000004500 | ||
|---|---|---|---|
| 001 | 007127 | ||
| 041 | 0 | |a spa | |
| 100 | 1 | |a Alonso, María Nieves | |
| 245 | 1 | 0 | |a Lo antiexpresivo como constante de la narrativa borgeana / |c María Nieves Alonso. |
| 310 | |a semestral | ||
| 650 | 4 | |a BORGES, JORGE LUIS, 1899-1986 | |
| 650 | 4 | |a ESTILO LITERARIO | |
| 773 | 0 | |d Heredia, Costa Rica : Instituto de Estudios Latinoamericanos (IDELA) |t Repertorio Americano. Nueva Época |g número 3 (1997), páginas 32-38 | |
| 942 | |c ARC | ||
| 999 | |c 13245 |d 13245 | ||
